[Event "Venice Province-ch 82nd"]
[Site "Mestre"]
[Date "2023.01.29"]
[Round "5.11"]
[White "Rubini, Alessandro1111"]
[Black "Gaggio, Giacomo"]
[Result "0-1"]
[WhiteElo "1807"]
[BlackElo "1254"]
[PlyCount "90"]
[EventDate "2023.01.27"]
[EventType "swiss"]
[EventRounds "5"]
[EventCountry "ITA"]
[SourceTitle "EXT 2024"]
[Source "ChessBase"]
[SourceDate "2023.10.10"]
[SourceVersion "1"]
[SourceVersionDate "2023.10.10"]
[SourceQuality "1"]

1. e4 e6 2. d4 d5 3. Nc3 Bb4 4. Nge2 dxe4 5. a3 Bxc3+ 6. Nxc3 Nc6 7. Be3 Nf6 8. g4 e5 9. g5 Ng4 10. d5 Ne7 11. Bb5+ c6 12. dxc6 Qxd1+ 13. Rxd1 bxc6 14. Ba4 Nxe3 15. fxe3 Bf5 16. Nd5 Rc8 17. 0-0 Bg6 18. Rf2 Nf5 19. Kf1 Kf8 20. Rxf5 Bxf5 21. Nb4 c5 22. Nc6 g6 23. Nxe5 Kg7 24. Rd6 h6 25. Rf6 Be6 26. h4 hxg5 27. hxg5 Rc7 28. Rf4 Bf5 29. Bc6 Rh5 30. Bxe4 Bxe4 31. Rxe4 Re7 32. Kf2 Rxg5 33. Nf3 Rxe4 34. Nxg5 Re7 35. Kf3 Kf6 36. Ne4+ Rxe4 37. Kxe4 Kg5 38. Kf3 a5 39. e4 Kh4 40. b3 g5 41. c3 Kh3 42. b4 g4+ 43. Kf2 Kh2 44. b5 g3+ 45. Kf3 g2 0-1